00302nam a2200133Ia 4500003000400000005001700004008004100021020001500062040002700077100001700104245002600121260001200147260000900159OSt20240103160106.0170524s9999 xx 000 0 und d a9351429172 ciimt university meerut aGhosh- P. K. 0aIndustrial Psychology bHimalya c1999